00401nam a22001457a 450000500170000002000230001703500230004003700130006310000180007624500580009425000120015226000520016430000220021670000170023820181218122954.0 a8126904534c550.00 aB-161001, B-161000 aDPLbENG aSharma, C. K. aLibrary management /cby C. K. Sharma and Kiran Singh aVol. II aNew DelhibAtlantic Publishers and Distributors av, 252p.c18 cms. aSingh, Kiran